Les plus grandes villes de Suisse • A á Z - Statistiques

Statistiques générales
  • Ce quiz a été pris 335 fois
  • Le résultat moyen est 9 sur 23
Statistiques - réponses
# Population Ville % Correct
Z 409.120 Zurich
98%
G 200.485 Genève
96%
L 138.861 Lausanne
94%
B 171.433 Bâle
92%
N 33.565 Neuchâtel
67%
F 38.513 Fribourg
61%
S 75.508 Saint-Gall
57%
C 35.031 Coire
56%
A 21.268 Aarau
54%
W 110.871 Winterthour
54%
Y 30.140 Yverdon-les-Bains
51%
M 26.572 Montreux
42%
T 43.738 Thoune
32%
K 41.490 Köniz
19%
V 35.115 Vernier
14%
R 26.980 Rapperswil-Jona
13%
E 30.680 Emmen
12%
U 34.506 Uster
10%
D 28.137 Dübendorf
7%
I 16.969 Illnau-Effretikon
6%
P 18.159 Pully
6%
H 20.321 Horgen
4%
O 19.973 Opfikon
4%
Aucun quiz correspondant
Distribution des résultats
% des personnes avec chaque résultat
Percentile par nombre de réponses
Votre historique - résultats
Vous n’avez pas pris ce quiz